000 00565cam a22002053a 4500
001 43743
003 PGUSA
005 20140828084008.0
008 130916s2013||||xxu|||||s|||||000 | eng d
040 _aPGUSA
_beng
042 _adc
100 1 _aHamilton, Mary Agnes
245 1 0 _aMunster Village
_h[electronic resource] /
_cMary Agnes Hamilton
260 _bProject Gutenberg,
_c2013
506 _aPublic domain in the USA.
516 _aElectronic text
830 0 _aProject Gutenberg
_v43743
856 4 0 _uhttp://www.gutenberg.org/ebooks/43743
942 _cEB
999 _c272994
_d272994